005910000a22001330004500090001400000245009800014041001300112500004500125100003200170942001300202773005100215999001700266952017400283 aARb0415810aHabitat specificity and food preferences of an assemblage of tropical Australian dung beetles0 aInglés a1 aHill, Christopher J.998061 cARTICULO1 tJournal of tropical ecologyh12q449-460d1996 c13256d13256 001040718HEMEROTECAaBogotabBogotad2006-11-07eTrujillo, DiegohFuera de circulaciónl0oAR 04158p023592r2015-03-25 00:00:00t1w2015-03-25xEntregadoyARTICULO